00325nam a2200121Ia 4500008004100000041000800041082001700049100001100066245004500077260004200122300003000164365000900194240624s9999 xx 000 0 und d aeng a658.4092 BUR aMERCER aCREATING VALUE THROUGH PEOPLE DISCUSSION c2009aNew JerseybJohn Wiley and Sons axi, : 271 : p. : cm. ; 23 cb23